000 00996nmm a2200289 a 4500
001 ocm0001061807
003 TR-IsHL
005 20201028150943.0
008 150608s2014 tu tur
007 cr cn
020 _a9786054941032
035 _a1061807
_b(N$T)
050 0 4 _aJC359
_b.E73 2014
090 0 4 _aJC359
_b.E73 2014
100 1 _aEralp, Ali
245 1 0 _aKüresel emperyalizm ve yandaşların hedefindeki ülke: Atatürk Cumhuriyeti
_h[electronic resource] /
_cAli Eralp
260 _aİstanbul :
_bToplumsal Dönüşüm Yayınları,
_c2014
300 _a376 p.
650 4 _aPolitika ve Uluslararası İlişkiler
650 4 _aPolitics and International Relations
650 0 _aEmperyalizm
650 0 _aImperialism
650 0 _aTürkiye
_xDış İlişkiler
650 0 _aTurkey
_xForeign relations
650 7 _aPOLITICAL SCIENCE / Imperialism
_2bisacsh
856 4 0 _uhttp://search.ebscohost.com/login.aspx?direct=true&scope=site&db=e011xww&AN=1061807
999 _c10751
_d10751